| 000 | 00529nam a2200181Ia 4500 | ||
|---|---|---|---|
| 999 |
_c29326 _d29326 |
||
| 003 | OSt | ||
| 005 | 20210104103943.0 | ||
| 008 | 190216s9999||||xx |||||||||||||| ||und|| | ||
| 020 | _a9788182645714 | ||
| 040 | _coclc | ||
| 082 |
_a894.8121 _bSAT/E |
||
| 100 |
_aSatchidanandan, K _96203 |
||
| 245 | 0 |
_aEnte Kavitha / _cK Satchidanandan |
|
| 260 |
_bMathrubhumi Printing And Publishing, _aKozhikode: _c2008. |
||
| 300 | _a204p | ||
| 650 | _aKavithkal | ||
| 942 |
_cBK _2ddc _h894.8121 _iSAT/E _k894.8121 _mSAT/E |
||